<?xml version="1.0" encoding="UTF-8"?>
<record
    xmlns:xsi="http://www.w3.org/2001/XMLSchema-instance"
    xsi:schemaLocation="http://www.loc.gov/MARC21/slim http://www.loc.gov/standards/marcxml/schema/MARC21slim.xsd"
    xmlns="http://www.loc.gov/MARC21/slim">

  <leader>00572nam a22001817a 4500</leader>
  <controlfield tag="003">LK-CoDNM</controlfield>
  <controlfield tag="005">20251230105655.0</controlfield>
  <controlfield tag="008">251230b        |||||||| |||| 00| 0 eng d</controlfield>
  <datafield tag="040" ind1=" " ind2=" ">
    <subfield code="a">LK-CoDNM</subfield>
    <subfield code="d">LK-CoDNM</subfield>
    <subfield code="e">LK-CoDNM</subfield>
  </datafield>
  <datafield tag="041" ind1=" " ind2=" ">
    <subfield code="a">tam</subfield>
  </datafield>
  <datafield tag="080" ind1=" " ind2=" ">
    <subfield code="a">TA</subfield>
    <subfield code="b">569</subfield>
  </datafield>
  <datafield tag="100" ind1=" " ind2=" ">
    <subfield code="a">&#xBA4;&#xBBF;&#xB9F;&#xB82;&#xB9F; &#xB85;&#xBAE;&#xBC1;&#xBB2;&#xBBE;&#xB95;&#xB82;&#xB95; &#xB85;&#xBAE;&#xBC8;&#xB9A;&#xB82;&#xB9A;&#xBC1;</subfield>
  </datafield>
  <datafield tag="245" ind1=" " ind2=" ">
    <subfield code="a">&#xBAA;&#xBC1;&#xBB3;&#xB82;&#xBB3;&#xBBF;&#xBB5;&#xBBF;&#xBAA;&#xBB0;&#xB95;&#xB82; &#xB95;&#xBC8;&#xBAF;&#xB9F;&#xB95;&#xB82;&#xB95; &#xBA8;&#xBC2;&#xBB2;&#xB82;</subfield>
  </datafield>
  <datafield tag="260" ind1=" " ind2=" ">
    <subfield code="a">Sri Lanka</subfield>
    <subfield code="b">&#xBA4;&#xBBF;&#xB9F;&#xB82;&#xB9F; &#xB85;&#xBAE;&#xBC1;&#xBB2;&#xBBE;&#xB95;&#xB82;&#xB95; &#xB85;&#xBAE;&#xBC8;&#xB9A;&#xB82;&#xB9A;&#xBC1;</subfield>
  </datafield>
  <datafield tag="300" ind1=" " ind2=" ">
    <subfield code="a">238p,21cm</subfield>
  </datafield>
  <datafield tag="650" ind1=" " ind2=" ">
    <subfield code="a">1987</subfield>
  </datafield>
  <datafield tag="942" ind1=" " ind2=" ">
    <subfield code="c">BK</subfield>
  </datafield>
  <datafield tag="952" ind1=" " ind2=" ">
    <subfield code="0">0</subfield>
    <subfield code="1">0</subfield>
    <subfield code="4">0</subfield>
    <subfield code="7">0</subfield>
    <subfield code="8">OBC</subfield>
    <subfield code="a">MAIN</subfield>
    <subfield code="b">MAIN</subfield>
    <subfield code="c">REF</subfield>
    <subfield code="d">2025-12-30</subfield>
    <subfield code="l">0</subfield>
    <subfield code="o">TA 569</subfield>
    <subfield code="p">TA569</subfield>
    <subfield code="r">2025-12-30</subfield>
    <subfield code="w">2025-12-30</subfield>
    <subfield code="y">BK</subfield>
  </datafield>
  <datafield tag="999" ind1=" " ind2=" ">
    <subfield code="c">240540</subfield>
    <subfield code="d">240540</subfield>
  </datafield>
</record>
